000 00742nam a2200265Ia 4500
005 20260302115435.0
008 008 260114s9999 xx 000 0 eng d
020 _a9781350234291
037 _aTextbook
040 _aCRL
040 _beng
040 _cCRL
041 _2eng
041 _aeng
084 _qCRL
100 _aMeredith Conti and Vivian Appler
_91121641
245 0 _aIdentity, Culture, and the Science Performance, Volume 2 From the Curious to the Quantum
260 _bBloomsbury
260 _bMethuen Drama
260 _c2023
650 _aLiterary Studies
856 _uhttps://doi.org/10.5040/9781350234291?locatt=label:secondary_bloomsburyCollections
942 _cEBOOK
999 _c1686226
_d1686226